000 00485nam a2200181Ia 4500
008 090124s9999 xx 000 0 und d
082 _b6604
_a138
100 _aभिडे रा.गो.
245 _a भारत-भ्रमण
250 _a1
260 _c1944
300 _a92
600 _aभिडे रा.गो.
630 _a भारत-भ्रमण
700 _aभिडे रा.गो.
730 _a भारत-भ्रमण
942 _cBOOK
999 _c120545
_d120545